Statistiche per Quiz di cultura generale - #2

Clicka qui per fare il quiz!

Statistiche generali

  • Questo quiz è stato fatto 19.565 volte
  • Il punteggio medio è 16 su 20

Statistiche sulle risposte

DomandaRisposta% Corretto
Qual è la capitale del Giappone?Tokyo
99%
Quanti sono le stelle sulla bandiera degli Stati Uniti?50
96%
Nazione con la Grande MuragliaCina
96%
Chi è il presidente della Repubblica Italiana nel 2020?Sergio Mattarella
95%
Come si chiamavano i sovrani dell'Egitto nell'antichità?Faraoni
94%
Animale simbolo dell'AustraliaCanguro / Emù
93%
Storico capitano della Roma?Francesco Totti
92%
Ha gli stivali in una nota fiabaGatto
92%
Nazionale di calcio con più mondiali vintiBrasile
91%
Che animali sono Cip e Ciop?Scoiattoli
90%
Ha condotto San Remo nel 2020Amadeus
87%
"Toro" in ingleseBull
82%
Prete investigatore interpretato da Terence HillDon Matteo
79%
Luogo di culto degli ebreiSinagoga
79%
Chi ha dipinto "la Primavera"?Sandro Botticelli
76%
Canta "nel blu dipinto di blu"Domenico Modugno
66%
Chi è stato il primo papa?San Pietro
65%
Chi era l'eroe dei due mondi?Giuseppe Garibaldi
52%
Nome della persona nella copertina del quizGalileo Galilei
50%
Come si chiama il vicino dei Turner de "I due fantagenitori?"Dinckleberg
47%

Distribuzione punteggi

Percentile per numero di risposta

Percentuale di utenti per punteggio

I tuoi punteggi nel tempo

Non hai fatto questo quiz